00394nam a22001337a 450000500170000000800410001702000180005805000170007624500730009325000120016626000340017830000270021270000210023920251211111156.0251211b |||||||| |||| 00| 0 eng d a9780824721527 aRS192 b.E53 aEncyclopedia of Pharmaceutical Technologycedited by James Swarbrick a2nd ed. aNew YorkbMarcel Dekkerc2004 ax. 564p.bill.c28.5cm aSwarbrick, James